Ríša lží
Zložitosť témy chápania Anglicka ako štátu. Vznik Spojeného kráľovstva Veľkej Británie a Írska. Asymetrický a komplikovaný politický systém Spojeného kráľovstva. Význam Anglicka vo svetovej literatúre, umení a vede verzus násilné pôsobenie v kolóniách. Vytvorenie anglickej historickej lži.
Gespeichert in:
| 1. Verfasser: | |
|---|---|
| Format: | Buchkapitel |
| Sprache: | Slowakisch |
| Schlagworte: | |
| Tags: |
Keine Tags, Fügen Sie das erste Tag hinzu!
|
MARC
| LEADER | 00000naa a2200000 4500 | ||
|---|---|---|---|
| 001 | 0250942 | ||
| 005 | 20240502074025.6 | ||
| 041 | 0 | |a slo | |
| 044 | |a SK | ||
| 245 | 1 | 0 | |a Ríša lží |c František Škvrnda |
| 520 | |a Zložitosť témy chápania Anglicka ako štátu. Vznik Spojeného kráľovstva Veľkej Británie a Írska. Asymetrický a komplikovaný politický systém Spojeného kráľovstva. Význam Anglicka vo svetovej literatúre, umení a vede verzus násilné pôsobenie v kolóniách. Vytvorenie anglickej historickej lži. | ||
| 610 | 2 | 0 | |a Spojené kráľovstvo |
| 610 | 2 | 0 | |a Veľká Británia |
| 610 | 2 | 0 | |a Írsko |
| 610 | 2 | 0 | |a história |
| 610 | 2 | 0 | |a politika |
| 100 | 1 | |a Škvrnda, František | |